[Event "Subang Jaya op 12th"]
[Site "Subang Jaya"]
[Date "2024.01.27"]
[Round "1"]
[White "Wee, Yin Lin"]
[Black "Wong, Xiang Liang"]
[Result "1-0"]
[WhiteElo "1558"]
[BlackElo "1106"]
[PlyCount "141"]
[EventDate "2024.01.27"]
[EventType "swiss"]
[EventRounds "8"]
[EventCountry "MAS"]
[SourceTitle "CB06_2024"]
[SourceDate "2024.02.07"]
[SourceVersion "1"]
[SourceVersionDate "2024.02.07"]
[SourceQuality "1"]

1. Nf3 c6 2. c4 d5 3. g3 Bf5 4. Bg2 e6 5. cxd5 cxd5 6. Qb3 Qc7 7. Nc3 Nf6 8. d3 Nc6 9. Bf4 Qd7 10. Nb5 Bb4+ 11. Kf1 Rc8 12. Nbd4 Bc5 13. Nxf5 exf5 14. Ne5 Nxe5 15. Bxe5 Ng4 16. d4 Nxe5 17. dxc5 0-0 18. Rd1 Rxc5 19. Bxd5 Qc7 20. Qxb7 Qxb7 21. Bxb7 Rb5 22. Bd5 Rd8 23. Bb3 Rxd1+ 24. Bxd1 Rxb2 25. Bb3 a5 26. Kg2 Rxe2 27. Rc1 g6 28. Rc2 Re4 29. Rc8+ Kg7 30. Ra8 Ng4 31. h3 Nf6 32. Rxa5 f4 33. Ra7 Ne8 34. Rxf7+ Kh6 35. Kf3 fxg3 36. fxg3 Rd4 37. Re7 Ng7 38. g4 g5 39. Bc2 Rc4 40. Bd3 Rf4+ 41. Ke3 Ra4 42. Rc7 Nf5+ 43. Bxf5 Re4+ 44. Kd3 Rd4+ 45. Kc3 Rd3+ 46. Kb2 Rb3+ 47. Kc2 Rb2+ 48. Kd3 Rd2+ 49. Ke4 Rd4+ 50. Ke5 Rd5+ 51. Ke6 Re5+ 52. Kd7 Rd5+ 53. Ke7 Re5+ 54. Be6 Ra5 55. Rc6 Kg7 56. Bb3 Ra7+ 57. Kd6 Ra8 58. Rc7+ Kg6 59. a4 Ra6+ 60. Kc5 Rf6 61. Rc6 Rxc6+ 62. Kxc6 h5 63. a5 hxg4 64. hxg4 Kf6 65. a6 Ke5 66. a7 Kf4 67. Be6 Ke5 68. Bf5 Kf4 69. a8Q Kg3 70. Qb8+ Kh4 71. Qh2# 1-0

[Event "Eastern Asia-ch U20"]
[Site "Kota Kinabalu"]
[Date "2023.12.07"]
[Round "8"]
[White "Wee, Yin Lin"]
[Black "Siva Kumar, Nirish Kumar"]
[Result "1/2-1/2"]
[WhiteElo "1422"]
[BlackElo "1832"]
[PlyCount "88"]
[EventDate "2023.12.02"]
[EventType "swiss"]
[EventRounds "9"]
[EventCountry "MAS"]
[SourceTitle "CB50_2023"]
[SourceDate "2023.12.13"]
[SourceVersion "1"]
[SourceVersionDate "2023.12.13"]
[SourceQuality "1"]

1. Nf3 Nf6 2. c4 g6 3. g3 Bg7 4. Bg2 0-0 5. 0-0 d6 6. d4 Nc6 7. Nc3 Bg4 8. d5 Na5 9. b3 c5 10. dxc6 bxc6 11. Bb2 Rb8 12. Qc1 Qc7 13. h3 Bxf3 14. Bxf3 e5 15. Rd1 Qe7 16. Ba3 c5 17. Nd5 Nxd5 18. Bxd5 Kh8 19. Qd2 Qc7 20. Bb2 Rbd8 21. e3 Nc6 22. Bxc6 Qxc6 23. Qd5 Qc8 24. Kh2 f5 25. Qf3 g5 26. Rd5 g4 27. Qe2 gxh3 28. Rad1 Qe6 29. f4 exf4 30. Bxg7+ Kxg7 31. Qb2+ Rf6 32. exf4 Rd7 33. Qd2 Qe7 34. Rxc5 Qe4 35. Re1 Qxe1 36. Qxe1 dxc5 37. Qe3 Kf7 38. Kxh3 Rh6+ 39. Kg2 Re6 40. Qxc5 Rd2+ 41. Kf3 Rd3+ 42. Kf2 Rd2+ 43. Kf3 Rd3+ 44. Kf2 Rd2+ 1/2-1/2